000 00413nam a22001577a 4500
005 20200518131018.0
008 200518b xxu||||| |||| 00| 0 eng d
041 _aeng
082 _a615.1 BAN
100 _aBansal Mayank
_95524
245 _aCommunity Pharmacy( With hand on practical exercise)
260 _aModinagar (UP)
_bUnnati Publication
_c2011
300 _a240
650 _aPharmacy
_95525
942 _cBK
999 _c6281
_d6279